000
00292nam a22001337a 4500
008
170731b xxu||||| |||| 00| 0 eng d
020
_a
9780132838733
041
_a
eng
080
_2
9TH
_a
004
100
_a
32
101
_a
SHK
245
_a
TECHNOLOGY IN ACTION
_c
EVANS,A
942
_2
udc
_c
BK
999
_c
22310
_d
22310